| 000 | 01150cam a2200361Ia 4500 | ||
|---|---|---|---|
| 008 | |||
| 020 | _a9781848133204 (pbk.) | ||
| 049 | _aMAIN | ||
| 090 |
_aHC800 _bHAR |
||
| 100 | 1 |
_aHarrison, Graham, _d1968- |
|
| 245 | 1 | 0 |
_aNeoliberal Africa : _bthe impact of global social engineering / _cGraham Harrison. |
| 260 |
_aLondon : _bZed Books, _cc2010. |
||
| 300 |
_a178 p. ; _c22 cm. |
||
| 500 | _aIncludes index. | ||
| 504 | _aIncludes bibliographical references (p. [149]-170). | ||
| 650 | 0 |
_aNeoliberalism _zAfrica. |
|
| 650 | 0 |
_aGlobalization _zAfrica. |
|
| 651 | 0 |
_aAfrica _xEconomic conditions _y1960- |
|
| 651 | 0 |
_aAfrica _xSocial conditions _y1960- |
|
| 651 | 0 |
_aAfrica _xPolitics and government _y1960- |
|
| 650 | 1 | 7 |
_aNeoliberalisme. _2gtt |
| 650 | 1 | 7 |
_aSociaal-economisch beleid. _2gtt |
| 651 | 7 |
_aAfrika. _2gtt |
|
| 650 | 0 | 7 |
_aWirtschaftsentwicklung _2swd |
| 650 | 0 | 7 |
_aNeoliberalismus _2swd |
| 650 | 0 | 7 |
_aGlobalisierung _2swd |
| 651 | 7 |
_aAfrika _2swd |
|
| 907 |
_a.b10331761 _b06-06-13 _c03-06-13 |
||
| 003 | |||
| 005 | 20230123122012.0 | ||
| 040 | _cNUST | ||
| 942 |
_cBOOKS _kHC800 _mHAR |
||
| 999 |
_c126108 _d126108 |
||